[Event "TUR Cup"]
[Site "Antalya"]
[Date "2017.01.29"]
[Round "3"]
[White "Sezer, Evren Goksu"]
[Black "Makaraci, Tunahan"]
[Result "0-1"]
[WhiteElo "1614"]
[BlackElo "1813"]
[PlyCount "58"]
[EventDate "2017.01.28"]
[EventType "swiss"]
[EventRounds "11"]
[EventCountry "TUR"]
[SourceTitle "CBM 176 Extra"]
[Source "ChessBase"]
[SourceDate "2017.03.02"]
[SourceVersion "1"]
[SourceVersionDate "2017.03.02"]
[SourceQuality "1"]

1. e4 Nf6 2. e5 Nd5 3. c4 Nb6 4. d4 d6 5. exd6 cxd6 6. Nf3 Bg4 7. b3 g6 8. Bb2 Bg7 9. h3 Bxf3 10. Qxf3 Nc6 11. Qe3 0-0 12. Be2 e5 13. d5 Nd4 14. Qd2 f5 15. Na3 Re8 16. Nc2 Nxc2+ 17. Qxc2 Rc8 18. Rd1 e4 19. 0-0 Nd7 20. b4 Bxb2 21. Qxb2 Qb6 22. Rc1 Ne5 23. c5 dxc5 24. a3 c4 25. Rc3 Qd4 26. Rd1 Nd3 27. Bxd3 exd3 28. Rd2 Re1+ 29. Kh2 Qf4+ 0-1